[Event "21st Panam-ch"]
[Site "Mar del Plata ARG"]
[Date "2012.10.16"]
[Round "6.39"]
[White "Borja Avila, Raul"]
[Black "Cerda Albornoz, Guillermo"]
[Result "1-0"]
[WhiteElo "2140"]
[BlackElo "2267"]
[EventDate "2012.10.12"]
[PlyCount "119"]

1.Nc3 Nf6 2.e4 e5 3.Bc4 Bc5 4.Nf3 d6 5.h3 O-O 6.d3 a6 7.Bg5 c6 8.a4 Qe7 9.
O-O Be6 10.a5 Nbd7 11.Nd2 Rad8 12.Kh1 h6 13.Be3 d5 14.exd5 cxd5 15.Bxc5 
Nxc5 16.Ba2 d4 17.Ne2 Bxa2 18.Rxa2 Nd5 19.Ng3 g6 20.Re1 Qf6 21.Kg1 Rfe8 
22.Ra1 Qc6 23.Nf3 Nf4 24.b4 Na4 25.Qd2 Nc3 26.Ne4 Nxe4 27.Rxe4 f5 28.Nxe5 
Rxe5 29.Qxf4 Rxe4 30.dxe4 Qxe4 31.Qxh6 f4 32.Qg5 Rc8 33.Rd1 Kg7 34.Qg4 Rc7
35.Kh2 Qe5 36.f3 Qd6 37.Re1 Re7 38.Qh4 Re3 39.Rb1 Re2 40.b5 Qf6 41.Qg4 Qf5
42.bxa6 Qxg4 43.Rxb7+ Kh6 44.hxg4 Re6 45.Rb6 Re5 46.Rd6 Rxa5 47.Rxd4 Rxa6 
48.Rxf4 Ra3 49.Rc4 Re3 50.Rc5 Ra3 51.Kg3 Re3 52.Kf4 Re2 53.g5+ Kh7 54.g4 
Re1 55.Rc7+ Kg8 56.Kg3 Re2 57.c4 Re1 58.c5 Rg1+ 59.Kf4 Re1 60.Rc6 1-0

[Event "21st Panam-ch"]
[Site "Mar del Plata ARG"]
[Date "2012.10.16"]
[Round "6.40"]
[White "Fernandez, Maria Florencia"]
[Black "Gaitan, Juan Manuel"]
[Result "1/2-1/2"]
[WhiteElo "2138"]
[BlackElo "2266"]
[EventDate "2012.10.12"]
[PlyCount "46"]

1.d4 Nf6 2.c4 e6 3.Nc3 Bb4 4.e3 O-O 5.Bd3 d5 6.Nf3 c5 7.O-O cxd4 8.exd4 
dxc4 9.Bxc4 b6 10.a3 Bxc3 11.bxc3 Bb7 12.Bd3 Nbd7 13.Re1 Qc7 14.c4 Rfe8 
15.Ne5 Nxe5 16.Rxe5 Rad8 17.Rg5 e5 18.d5 b5 19.Qf3 Rd6 20.Qg3 g6 21.Rxe5 
bxc4 22.Rxe8+ Nxe8 23.Qe5 Qd7 1/2-1/2

[Event "21st Panam-ch"]
[Site "Mar del Plata ARG"]
[Date "2012.10.16"]
[Round "6.41"]
[White "Santos, Haroldo Cunha dos"]
[Black "Cervetto, Esteban"]
[Result "1-0"]
[WhiteElo "2263"]
[BlackElo "2100"]
[EventDate "2012.10.12"]
[PlyCount "109"]

1.d4 Nf6 2.Nf3 g6 3.Bf4 Bg7 4.e3 d6 5.Be2 O-O 6.O-O Nfd7 7.h3 e5 8.Bh2 Qe7
9.c4 c6 10.Nc3 f5 11.Qb3 Kh8 12.Rad1 e4 13.Ne1 Na6 14.Qa3 Rf6 15.b4 Nf8 
16.c5 d5 17.b5 Nc7 18.Bd6 Qd8 19.Nc2 g5 20.f3 exf3 21.Bxf3 Ne8 22.Bg3 Ng6 
23.bxc6 bxc6 24.Nb4 Bd7 25.Bh5 f4 26.Bf2 Qc8 27.e4 Bxh3 28.Ncxd5 cxd5 29.
Qxh3 dxe4 30.Qxc8 Rxc8 31.Bg4 Rb8 32.Be1 Nc7 33.d5 Ne5 34.Be2 f3 35.gxf3 
exf3 36.Bd3 Rxb4 37.Bxb4 Nxd5 38.a3 Rf4 39.Bb5 Rg4+ 40.Kf2 Rg2+ 41.Ke1 
Nxb4 42.Rd8+ Bf8 43.axb4 Kg7 44.Re8 a6 45.Rxe5 axb5 46.Rxf3 g4 47.Rf4 g3 
48.Re8 Rg1+ 49.Rf1 Rxf1+ 50.Kxf1 Kf7 51.Re3 Bh6 52.c6 Bxe3 53.c7 Bd2 54.
c8=Q Bxb4 55.Qf5+ 1-0

[Event "21st Panam-ch"]
[Site "Mar del Plata ARG"]
[Date "2012.10.16"]
[Round "6.42"]
[White "Perez Gormaz, Matias"]
[Black "Sanchez Sandoval, Gonzalo"]
[Result "1-0"]
[WhiteElo "2261"]
[BlackElo "2029"]
[EventDate "2012.10.12"]
[PlyCount "61"]

1.e4 c5 2.Nf3 d6 3.d4 cxd4 4.Nxd4 Nf6 5.Nc3 Nc6 6.h3 e5 7.Nde2 Be6 8.f4 
Be7 9.g3 d5 10.f5 Bc8 11.exd5 Nb4 12.a3 Nbxd5 13.Nxd5 Qxd5 14.Qxd5 Nxd5 
15.Bg2 Nb6 16.O-O Bc5+ 17.Kh2 Nc4 18.Rf3 Nd6 19.f6 g6 20.Rd3 Nf5 21.Rd5 
Bd6 22.g4 e4+ 23.Bf4 Bxf4+ 24.Nxf4 Ne3 25.Re5+ Kf8 26.Bxe4 h5 27.Re1 Nc4 
28.Re7 hxg4 29.Bd5 g3+ 30.Kxg3 Nd6 31.Rxf7+ 1-0

[Event "21st Panam-ch"]
[Site "Mar del Plata ARG"]
[Date "2012.10.16"]
[Round "6.43"]
[White "Brizzi, Victor Emmanuel"]
[Black "Mellano, Santiago"]
[Result "1/2-1/2"]
[WhiteElo "1930"]
[BlackElo "2242"]
[EventDate "2012.10.12"]
[PlyCount "77"]

1.e4 d6 2.f4 g6 3.Nf3 Bg7 4.Nc3 c6 5.Bc4 Nf6 6.e5 dxe5 7.fxe5 Nd5 8.Nxd5 
cxd5 9.Bb5+ Nc6 10.a4 Qb6 11.d4 a6 12.Be2 Bg4 13.c3 Bxf3 14.Bxf3 e6 15.Qe2
Na5 16.O-O Nc4 17.Qf2 O-O 18.Rb1 Na3 19.Ra1 Nc4 20.Bd1 f6 21.exf6 Rxf6 22.
Qe1 Rxf1+ 23.Qxf1 Rf8 24.Qe1 e5 25.b3 exd4 26.bxc4 dxc3+ 27.Be3 d4 28.Bf2 
Qb2 29.Bf3 c2 30.Rc1 d3 31.Be3 Re8 32.Kh1 Bh6 33.Bd5+ Kg7 34.Bxh6+ Kxh6 
35.Qd2+ Kg7 36.Rf1 Rf8 37.Re1 Re8 38.Rf1 Rf8 39.Re1 1/2-1/2

[Event "21st Panam-ch"]
[Site "Mar del Plata ARG"]
[Date "2012.10.16"]
[Round "6.44"]
[White "Rioseco Pinochet, Fernan"]
[Black "Villegas, Franco"]
[Result "1/2-1/2"]
[WhiteElo "2236"]
[BlackElo "1852"]
[EventDate "2012.10.12"]
[PlyCount "163"]

1.Nf3 e6 2.c4 Nf6 3.g3 d5 4.Bg2 Be7 5.O-O O-O 6.d4 c6 7.Qc2 Nbd7 8.Rd1 
dxc4 9.Qxc4 Nb6 10.Qc2 Nbd5 11.Nc3 Qc7 12.e4 Nxc3 13.bxc3 c5 14.Bf4 Qb6 
15.Rab1 Qa6 16.d5 exd5 17.exd5 Rd8 18.Ne5 Nh5 19.d6 Rxd6 20.Bf1 Rxd1 21.
Qxd1 Qf6 22.Qxh5 g5 23.Bd3 gxf4 24.Qxh7+ Kf8 25.Re1 Be6 26.Bc4 fxg3 27.
hxg3 Qg7 28.Qe4 Bd6 29.Bxe6 Qxe5 30.Qxe5 Bxe5 31.Rxe5 Re8 32.Rxc5 Rxe6 33.
a4 Re7 34.Kg2 Ke8 35.Kf3 Kd7 36.g4 Kd6 37.Rc4 Re5 38.Kf4 b5 39.Rd4+ Ke6 
40.axb5 Rxb5 41.Ra4 a5 42.Ke4 f5+ 43.gxf5+ Rxf5 44.f4 Rc5 45.Kd3 Rf5 46.
Rd4 Rc5 47.Kc2 Rf5 48.Kb3 Rc5 49.c4 Rf5 50.Ka3 Rc5 51.Ka4 Rf5 52.Kb3 Rc5 
53.Kc3 Rf5 54.Kd3 Rc5 55.Re4+ Kf5 56.Re1 Kxf4 57.Kd4 Rc8 58.Kd5 Rd8+ 59.
Kc6 Rc8+ 60.Kb5 Rb8+ 61.Kxa5 Rc8 62.Kb5 Rb8+ 63.Kc5 Rc8+ 64.Kd4 Rd8+ 65.
Kc3 Rc8 66.Re7 Kf5 67.Rd7 Ke6 68.Rd5 Rb8 69.Kd4 Rc8 70.c5 Ke7 71.Rh5 Rc6 
72.Kd5 Rg6 73.c6 Kd8 74.Kc5 Rg1 75.Rh7 Kc8 76.Rf7 Rc1+ 77.Kd5 Rd1+ 78.Ke6 
Re1+ 79.Kd5 Rd1+ 80.Kc4 Rc1+ 81.Kb4 Rb1+ 82.Kc5 1/2-1/2

[Event "21st Panam-ch"]
[Site "Mar del Plata ARG"]
[Date "2012.10.16"]
[Round "6.45"]
[White "Avila, Pedro Andres"]
[Black "Zuluaga Mancilla, Cesar"]
[Result "1/2-1/2"]
[WhiteElo "2145"]
[BlackElo "2394"]
[EventDate "2012.10.12"]
[PlyCount "80"]

1.e4 c5 2.Nf3 a6 3.c3 d6 4.d4 Nd7 5.Bd3 g6 6.Qe2 Bg7 7.O-O e5 8.dxc5 Nxc5 
9.Rd1 Ne7 10.Bc2 b5 11.a4 Nxa4 12.Bxa4 bxa4 13.Rxa4 Bb7 14.b3 O-O 15.Ba3 
Nc8 16.Nbd2 f5 17.Nc4 fxe4 18.Nxd6 Nxd6 19.Rxd6 exf3 20.Qc4+ Kh8 21.Rxd8 
Rfxd8 22.Qf1 fxg2 23.Qe2 Rd5 24.Rb4 Rd7 25.Rxb7 Rxb7 26.Bd6 Re8 27.b4 Rb6 
28.Bc5 Rbe6 29.Kxg2 e4 30.Qc4 h5 31.Be3 Kh7 32.Qb3 Rc6 33.c4 Rb8 34.b5 
axb5 35.cxb5 Rcc8 36.Qd5 Rd8 37.Qc6 Rdc8 38.Qd5 Rd8 39.Qc6 Rdc8 40.Qd5 Rd8
1/2-1/2

[Event "21st Panam-ch"]
[Site "Mar del Plata ARG"]
[Date "2012.10.16"]
[Round "6.46"]
[White "Salvatti, Diego"]
[Black "Della Morte, German"]
[Result "0-1"]
[WhiteElo "2112"]
[BlackElo "2346"]
[EventDate "2012.10.12"]
[PlyCount "90"]

1.c4 g6 2.Nc3 Bg7 3.g3 Nf6 4.Bg2 O-O 5.Nf3 d6 6.O-O e5 7.d3 Nc6 8.Rb1 Bf5 
9.Nd2 Qd7 10.b4 Bh3 11.b5 Nd8 12.Nb3 Bxg2 13.Kxg2 Ne6 14.e4 Ne8 15.Be3 f5 
16.f3 f4 17.Bd2 h5 18.Ne2 a6 19.a4 g5 20.gxf4 exf4 21.Nc3 axb5 22.axb5 Rf6
23.Kh1 Rg6 24.Rg1 c6 25.bxc6 bxc6 26.Qe2 Be5 27.Qf2 Qg7 28.Ne2 c5 29.Na5 
Nd8 30.Nb3 Ra2 31.d4 cxd4 32.Nexd4 Qa7 33.Rg2 Ng7 34.Ne2 Qc7 35.Rc1 Nge6 
36.Qf1 Rb2 37.Qd1 Nf7 38.Bc3 Bxc3 39.Rxc3 g4 40.Ned4 Rxg2 41.Kxg2 gxf3+ 
42.Kh1 f2 43.Ne2 Ne5 44.c5 f3 45.Ng3 h4 0-1

[Event "21st Panam-ch"]
[Site "Mar del Plata ARG"]
[Date "2012.10.16"]
[Round "6.47"]
[White "Chiari, Arthur Gontijo"]
[Black "Nina Campos, Miguel Angel"]
[Result "0-1"]
[WhiteElo "2098"]
[BlackElo "2298"]
[EventDate "2012.10.12"]
[PlyCount "138"]

1.e4 c5 2.Nf3 Nc6 3.d4 cxd4 4.Nxd4 Nf6 5.Nc3 e6 6.Nxc6 bxc6 7.e5 Nd5 8.Ne4
f5 9.exf6 Nxf6 10.Nd6+ Bxd6 11.Qxd6 Qb6 12.Be2 Qxf2+ 13.Kd1 Qxg2 14.Rf1 
Qd5+ 15.Qxd5 cxd5 16.Rg1 O-O 17.Bf4 Rf7 18.Bd3 a5 19.c3 Ne4 20.Be5 Nf2+ 
21.Kd2 Nxd3 22.Kxd3 Ba6+ 23.Ke3 g6 24.Rg5 Rc8 25.Rag1 Rc4 26.R1g4 a4 27.h4
Rxg4 28.Rxg4 Bc4 29.a3 Rf5 30.Rg5 Rf1 31.Rg4 Kf7 32.Kd4 Rf5 33.Bc7 Ke7 34.
Kc5 e5 35.Rg3 Ke6 36.Bd8 Bb3 37.Rg2 Rf8 38.Bg5 d6+ 39.Kb6 Kd7 40.Be3 Rb8+ 
41.Ka7 Rf8 42.Bg5 Kc7 43.Ka6 Kc6 44.Ka7 Bc4 45.Be3 Rf7+ 46.Kb8 Ba6 47.Rf2 
Rb7+ 48.Ka8 Rc7 49.Rf8 Rc8+ 50.Rxc8+ Bxc8 51.Kb8 Bf5 52.Bf2 Kb5 53.Kc7 Kc4
54.Kxd6 d4 55.cxd4 exd4 56.Ke5 d3 57.Be1 Kb3 58.Kd4 Kxb2 59.Bb4 Kc2 60.Ke3
h6 61.Ba5 g5 62.hxg5 hxg5 63.Bb4 g4 64.Ba5 g3 65.Kf3 d2 66.Bxd2 Kxd2 67.
Kxg3 Kc3 68.Kf4 Kb3 69.Ke3 Kxa3 0-1

[Event "21st Panam-ch"]
[Site "Mar del Plata ARG"]
[Date "2012.10.16"]
[Round "6.48"]
[White "Crespo, Eugenio"]
[Black "Teixeira, Ricardo da Silva"]
[Result "1/2-1/2"]
[WhiteElo "2076"]
[BlackElo "2276"]
[EventDate "2012.10.12"]
[PlyCount "75"]

1.e4 e6 2.d4 d5 3.Nc3 Bb4 4.e5 Ne7 5.a3 Bxc3+ 6.bxc3 c5 7.Qg4 Nf5 8.Bd3 h5
9.Qh3 cxd4 10.Bxf5 exf5 11.cxd4 Nc6 12.Ne2 b6 13.c3 Qd7 14.Nf4 Ba6 15.Qf3 
O-O-O 16.Nxh5 f6 17.Ng3 g6 18.exf6 Rhe8+ 19.Kd1 Na5 20.a4 Bc4 21.Bg5 Re6 
22.Bh6 Rde8 23.Bg7 Bb3+ 24.Kd2 Bc4 25.Rac1 Rc6 26.h4 Rc7 27.h5 gxh5 28.
Nxf5 Qe6 29.Ne3 Qf7 30.Nf5 Re6 31.Qf4 Qg6 32.Qf3 Rxf6 33.Bxf6 Qxf6 34.Qf4 
Rf7 35.Nd6+ Kd7 36.Qxf6 Rxf6 37.Nxc4 dxc4 38.Ke3 1/2-1/2

[Event "21st Panam-ch"]
[Site "Mar del Plata ARG"]
[Date "2012.10.16"]
[Round "6.49"]
[White "Feliciano Ebert, Vanessa"]
[Black "Restuccia, Francisco"]
[Result "1-0"]
[WhiteElo "2268"]
[BlackElo "2118"]
[EventDate "2012.10.12"]
[PlyCount "61"]

1.d4 Nf6 2.c4 g6 3.Nc3 Bg7 4.e4 d6 5.f3 O-O 6.Bg5 c6 7.Qd2 a6 8.Nge2 b5 9.
Ng3 b4 10.Nd1 c5 11.d5 h5 12.Be2 Nbd7 13.O-O Nh7 14.Bh6 Bd4+ 15.Be3 Bg7 
16.f4 Ndf6 17.e5 Ng4 18.Bxg4 Bxg4 19.Nf2 Bc8 20.Nd3 h4 21.Nh1 e6 22.Nhf2 
exd5 23.cxd5 a5 24.exd6 c4 25.Ne5 Ba6 26.Rfe1 Qxd6 27.Ne4 Qd8 28.Nc6 Qd7 
29.Bd4 Bxd4+ 30.Qxd4 Rfe8 31.Nc5 1-0

[Event "21st Panam-ch"]
[Site "Mar del Plata ARG"]
[Date "2012.10.16"]
[Round "6.50"]
[White "Postolski, Javier"]
[Black "Tobares, Leandro"]
[Result "1/2-1/2"]
[WhiteElo "2006"]
[BlackElo "2261"]
[EventDate "2012.10.12"]
[PlyCount "95"]

1.e4 c5 2.Nf3 Nc6 3.Bb5 g6 4.O-O Bg7 5.Re1 Nf6 6.c3 O-O 7.d4 cxd4 8.cxd4 
d5 9.e5 Ne4 10.Nc3 Nxc3 11.bxc3 Qa5 12.Bxc6 bxc6 13.Bg5 Re8 14.Qb3 Bg4 15.
Qb4 Qc7 16.Nd2 a5 17.Qa3 a4 18.Rab1 h6 19.Bh4 Bf8 20.e6 Bxe6 21.Rxe6 fxe6 
22.Bg3 e5 23.Bxe5 Qd7 24.c4 Qf5 25.Rb7 Qc2 26.Qg3 dxc4 27.h4 c3 28.Qh3 Qf5
29.Qxc3 Qe6 30.Ne4 Red8 31.Qc2 Bg7 32.Nc5 Qf7 33.Nd7 Rdc8 34.Nb6 Bxe5 35.
Nxc8 Bf6 36.Nd6 Qg7 37.Qc4+ Kh7 38.Qxc6 Bxd4 39.Nc8 Bxf2+ 40.Kxf2 Qf8+ 41.
Qf3 Rxc8 42.Qxf8 Rxf8+ 43.Ke3 Re8 44.Rd7 Kg7 45.Ra7 Rc8 46.Ra6 Rc4 47.a3 
Kf7 48.h5 1/2-1/2

[Event "21st Panam-ch"]
[Site "Mar del Plata ARG"]
[Date "2012.10.16"]
[Round "6.51"]
[White "Barea, Luis"]
[Black "San Martin Basualto, Epiro"]
[Result "0-1"]
[WhiteElo "2245"]
[BlackElo "2114"]
[EventDate "2012.10.12"]
[PlyCount "80"]

1.d4 e6 2.c4 Nf6 3.Nf3 c5 4.d5 exd5 5.cxd5 d6 6.Nc3 g6 7.e4 a6 8.a4 Bg4 9.
Be2 Bxf3 10.Bxf3 Bg7 11.Bf4 O-O 12.O-O Ne8 13.Qb3 Qc7 14.a5 Nd7 15.Na4 Rb8
16.Bd2 Qd8 17.Rab1 Nc7 18.Qd1 Nb5 19.b4 c4 20.Rc1 Rc8 21.Bg4 f5 22.exf5 
gxf5 23.Be2 Qh4 24.g3 Qh3 25.Be3 c3 26.Re1 Ne5 27.Nb6 Rce8 28.Nc4 Ng4 29.
Bxg4 fxg4 30.Qd3 Rf3 31.Qf1 Qh5 32.Nb6 Nd4 33.Bxd4 Bxd4 34.Rxe8+ Qxe8 35.
Qc4 Qe4 36.Qc8+ Rf8 37.Qe6+ Qxe6 38.dxe6 Rxf2 39.Kh1 Bxb6 40.axb6 c2 0-1

[Event "21st Panam-ch"]
[Site "Mar del Plata ARG"]
[Date "2012.10.16"]
[Round "6.53"]
[White "Batista, Gerson Peres"]
[Black "Santopietro, Gerardo"]
[Result "1/2-1/2"]
[WhiteElo "2233"]
[BlackElo "2006"]
[EventDate "2012.10.12"]
[PlyCount "45"]

1.e4 c5 2.Nf3 e6 3.c4 Nc6 4.Nc3 d6 5.d4 cxd4 6.Nxd4 a6 7.Be2 Nge7 8.O-O 
Nxd4 9.Qxd4 Nc6 10.Qd2 Be7 11.b3 O-O 12.Bb2 Qb6 13.Rad1 Qc7 14.f4 b6 15.
Kh1 Rd8 16.Rf3 Bb7 17.Rg3 Bf8 18.Qe3 Ne7 19.f5 exf5 20.Nd5 Bxd5 21.exd5 
Ng6 22.Qf3 f4 23.Rh3 1/2-1/2

[Event "21st Panam-ch"]
[Site "Mar del Plata ARG"]
[Date "2012.10.16"]
[Round "6.54"]
[White "Lingua, Alejo"]
[Black "Sperb, Eduardo Quintana"]
[Result "1-0"]
[WhiteElo "2232"]
[BlackElo "2040"]
[EventDate "2012.10.12"]
[PlyCount "56"]

1.e4 c5 2.Nf3 e6 3.b3 d5 4.exd5 exd5 5.Bb5+ Bd7 6.Bxd7+ Qxd7 7.O-O Nc6 8.
d4 O-O-O 9.Bb2 Nf6 10.Na3 Rg8 11.Re1 h5 12.Ne5 Nxe5 13.dxe5 Ne8 14.Qf3 Nc7
15.Rad1 Ne6 16.Nc4 g6 17.Nd6+ Bxd6 18.Rxd5 Ng5 19.Qd1 Rde8 20.Rxd6 Qe7 21.
Re3 Ne6 22.Red3 Rd8 23.g3 h4 24.Qg4 hxg3 25.hxg3 Kb8 26.Qa4 Qc7 27.Bc1 Nd4
28.Bg5 Rxd6 1-0

[Event "21st Panam-ch"]
[Site "Mar del Plata ARG"]
[Date "2012.10.16"]
[Round "6.55"]
[White "Heinecke, Lucas"]
[Black "Assumpcao, Roberto"]
[Result "0-1"]
[WhiteElo "1978"]
[BlackElo "2218"]
[EventDate "2012.10.12"]
[PlyCount "136"]

1.Nf3 Nf6 2.c4 c5 3.Nc3 Nc6 4.g3 g6 5.Bg2 Bg7 6.O-O O-O 7.d4 cxd4 8.Nxd4 
a6 9.c5 h6 10.Nb3 b5 11.cxb6 Qxb6 12.Be3 Qc7 13.h3 Rb8 14.Rc1 d6 15.Qd2 
Bb7 16.Bxh6 Qd7 17.Bxg7 Kxg7 18.e4 Rh8 19.Nd5 Nh7 20.Nd4 f6 21.Nxc6 Bxc6 
22.Rc3 Rhc8 23.Rfc1 Bxd5 24.exd5 Rxc3 25.Qxc3 Kf7 26.b3 Nf8 27.Qc6 Qa7 28.
Qc7 Rb7 29.Qd8 Rb8 30.Qa5 Rb5 31.Qa4 Nd7 32.Qh4 Kg7 33.Rc8 Nf8 34.Bf1 Rxd5
35.Qb4 Rf5 36.Qd2 Ne6 37.h4 Nd4 38.Bg2 Re5 39.Rc4 Nf5 40.Kf1 d5 41.Rg4 Qd7
42.Bf3 d4 43.h5 g5 44.Re4 Rxe4 45.Bxe4 e5 46.g4 Nd6 47.Qe2 Qb5 48.f3 Qc5 
49.Qxa6 Qc1+ 50.Ke2 Qb2+ 51.Kd1 Qa1+ 52.Kc2 Qc3+ 53.Kb1 Qe1+ 54.Kb2 Qc3+ 
55.Ka3 Qc5+ 56.Ka4 Nxe4 57.Qb7+ Kf8 58.fxe4 d3 59.h6 Qd4+ 60.Ka3 Qc5+ 61.
Ka4 Qd4+ 62.Kb5 d2 63.Qc8+ Ke7 64.h7 d1=Q 65.h8=Q Qe2+ 66.Qc4 Qd7+ 67.Kb6 
Qe3+ 68.Qc5+ Qd6+ 0-1

[Event "21st Panam-ch"]
[Site "Mar del Plata ARG"]
[Date "2012.10.16"]
[Round "6.56"]
[White "Sampaio, Leonardo de Souza Prallon"]
[Black "Arias, Juan Carlos"]
[Result "1-0"]
[WhiteElo "1976"]
[BlackElo "2215"]
[EventDate "2012.10.12"]
[PlyCount "101"]

1.e4 c5 2.Nf3 Nc6 3.Bb5 g6 4.c3 Nf6 5.e5 Nd5 6.O-O Bg7 7.d4 cxd4 8.cxd4 
O-O 9.Nc3 Nxc3 10.bxc3 d5 11.exd6 Qxd6 12.a4 a6 13.Ba3 Qc7 14.Bxc6 bxc6 
15.Re1 Bf6 16.Ne5 Be6 17.Qf3 Rac8 18.Qg3 Rfd8 19.Bc5 a5 20.Rab1 Rb8 21.
Rxb8 Rxb8 22.Nxc6 Qxg3 23.hxg3 Rb3 24.Rc1 Bd7 25.Nxa5 Rb8 26.Ra1 e5 27.Nc4
exd4 28.cxd4 Rc8 29.Nb6 Rxc5 30.dxc5 Bxa1 31.Nxd7 Bc3 32.Kf1 f5 33.Ke2 Kf7
34.f4 Ke6 35.Ne5 g5 36.c6 Ba5 37.Nc4 Bc7 38.fxg5 Kd5 39.Ne3+ Kxc6 40.Kf3 
Kc5 41.Nxf5 Kb4 42.Ne3 Kxa4 43.Nd5 Bd8 44.Nf6 h6 45.Kg4 hxg5 46.Kxg5 Kb5 
47.Kf5 Be7 48.g4 Bf8 49.g5 Kc6 50.Ke6 Bb4 51.g6 1-0

[Event "21st Panam-ch"]
[Site "Mar del Plata ARG"]
[Date "2012.10.16"]
[Round "6.59"]
[White "Mahia, Gustavo"]
[Black "Maldonado, Federico"]
[Result "1-0"]
[WhiteElo "2409"]
[BlackElo "1973"]
[EventDate "2012.10.12"]
[PlyCount "105"]

1.d4 g6 2.e4 Bg7 3.h4 d6 4.h5 gxh5 5.Nc3 c5 6.dxc5 dxc5 7.Qxd8+ Kxd8 8.
Nge2 e6 9.Be3 b6 10.O-O-O+ Ke7 11.Rxh5 Nc6 12.Bf4 f6 13.Bd6+ Kf7 14.Bg3 
Ba6 15.a4 Nge7 16.Nb5 Bxb5 17.axb5 Ne5 18.Nc3 Rad8 19.Rxd8 Rxd8 20.Rxh7 
Kg6 21.Rh4 Bh6+ 22.f4 Nd7 23.Kb1 e5 24.f5+ Kg7 25.Bc4 Bg5 26.Rh5 Rh8 27.
Rxh8 Kxh8 28.Be6 Nb8 29.Nd5 Nxd5 30.exd5 Kg7 31.d6 Kf8 32.c4 Ke8 33.Kc2 
Nd7 34.Kd3 Nb8 35.Ke4 a6 36.Kd5 Kd8 37.Bf2 axb5 38.cxb5 Nd7 39.Kc6 Nf8 40.
Kxb6 e4 41.Kxc5 Nd7+ 42.Kd4 Bf4 43.Kd5 e3 44.Be1 e2 45.Ba5+ Ke8 46.g4 Be3 
47.Ke4 Bc5 48.Bc4 Bxd6 49.Bxe2 Ke7 50.Kd5 Bf4 51.Bc3 Bg5 52.Kc6 Ne5+ 53.
Kc7 1-0

[Event "21st Panam-ch"]
[Site "Mar del Plata ARG"]
[Date "2012.10.16"]
[Round "6.60"]
[White "Leskovar, Matias"]
[Black "Epelboin, Matias"]
[Result "1/2-1/2"]
[WhiteElo "2283"]
[BlackElo "1941"]
[EventDate "2012.10.12"]
[PlyCount "69"]

1.e4 e5 2.Nf3 Nc6 3.Bb5 a6 4.Bxc6 dxc6 5.O-O Qf6 6.d4 exd4 7.Bg5 Qd6 8.
Nxd4 f6 9.Bh4 Bd7 10.Bg3 Qb4 11.Nb3 O-O-O 12.Nc3 h5 13.Qe2 h4 14.a3 Qe7 
15.Bf4 g5 16.Be3 Nh6 17.Nc5 Ng4 18.Nxd7 Qxd7 19.Rad1 Qe6 20.Rxd8+ Kxd8 21.
f4 Nxe3 22.Qxe3 Qc4 23.Rd1+ Kc8 24.Qh3+ Kb8 25.f5 Bc5+ 26.Kh1 Bd6 27.Qd3 
Qc5 28.Qd4 Qxd4 29.Rxd4 Be5 30.Rd3 Rc8 31.Kg1 Re8 32.Nd1 Bd6 33.Nc3 Be5 
34.Nd1 Bd6 35.Nc3 1/2-1/2

[Event "21st Panam-ch"]
[Site "Mar del Plata ARG"]
[Date "2012.10.16"]
[Round "6.61"]
[White "Miranda Junior, Roberto Calheiros"]
[Black "Ortiz, Jorge"]
[Result "1-0"]
[WhiteElo "2200"]
[BlackElo "1932"]
[EventDate "2012.10.12"]
[PlyCount "73"]

1.e4 e6 2.d4 d5 3.Nc3 dxe4 4.Nxe4 Bd7 5.Nf3 Bc6 6.Bd3 Nf6 7.Ng3 Be7 8.O-O 
O-O 9.Ne5 Qd5 10.Nxc6 Nxc6 11.c3 Qd8 12.Re1 Nb8 13.Qb3 b6 14.Be2 a5 15.a4 
c6 16.Bf3 Qc7 17.Qc4 Nd5 18.Bd2 Re8 19.Rad1 Nd7 20.Bc1 Rac8 21.Nf1 N7f6 
22.Ne3 Nxe3 23.Bxe3 Nd5 24.Bc1 h6 25.g3 Qb7 26.Qf1 b5 27.axb5 cxb5 28.Be4 
Qd7 29.Bd3 Rb8 30.Qh3 Bf8 31.Re5 f5 32.Rde1 Bd6 33.R5e2 Bf8 34.Qh5 Qf7 35.
Qf3 a4 36.Bb1 Rec8 37.Rxe6 1-0

[Event "21st Panam-ch"]
[Site "Mar del Plata ARG"]
[Date "2012.10.16"]
[Round "6.62"]
[White "Lopez Miller, Indalecio"]
[Black "Andrade, Roberto Luiz Costa"]
[Result "1-0"]
[WhiteElo "1940"]
[BlackElo "2187"]
[EventDate "2012.10.12"]
[PlyCount "67"]

1.e4 c5 2.Nf3 Nf6 3.Nc3 Nc6 4.d4 cxd4 5.Nxd4 e5 6.Ndb5 d6 7.a4 a6 8.Na3 
Be6 9.Bg5 Rc8 10.Bc4 Nd4 11.Ba2 d5 12.Bxd5 Bb4 13.Bxb7 Rxc3 14.bxc3 Bxc3+ 
15.Bd2 Bxa1 16.Qxa1 Qe7 17.Qb2 O-O 18.Bd5 Qxa3 19.Qxa3 Nxc2+ 20.Ke2 Nxa3 
21.Bxe6 fxe6 22.Bb4 Nc4 23.Bxf8 Kxf8 24.Rc1 Nb2 25.a5 Nxe4 26.Rc6 Ke7 27.
Rxa6 Nc3+ 28.Kf3 Nb5 29.Rb6 e4+ 30.Kg3 e3 31.fxe3 Nc4 32.Rxb5 Nxe3 33.a6 
Nf5+ 34.Rxf5 1-0

[Event "21st Panam-ch"]
[Site "Mar del Plata ARG"]
[Date "2012.10.16"]
[Round "6.63"]
[White "Ferreira, Kleber Victor"]
[Black "Bianchi, Augusto"]
[Result "1-0"]
[WhiteElo "2121"]
[BlackElo "1903"]
[EventDate "2012.10.12"]
[PlyCount "61"]

1.e4 d5 2.d4 dxe4 3.Nc3 Bf5 4.g4 Bg6 5.Nge2 Nc6 6.Be3 Nf6 7.Nf4 e5 8.Nxg6 
hxg6 9.d5 Ne7 10.Bc4 Qd7 11.g5 Ng4 12.Qe2 Rh3 13.O-O-O Nxe3 14.Bb5 Nxd1 
15.Bxd7+ Kxd7 16.Rxd1 Nf5 17.Qb5+ Kd8 18.Qxb7 Rc8 19.Nxe4 Rxh2 20.Qxa7 Rh4
21.Nc3 Be7 22.Kb1 Bxg5 23.a4 Kd7 24.Qb7 Nd6 25.Qc6+ Kd8 26.b3 Rb8 27.Ka2 
Rb6 28.Qa8+ Kd7 29.a5 Nb5 30.Nxb5 Rxb5 31.Qc6+ 1-0

[Event "21st Panam-ch"]
[Site "Mar del Plata ARG"]
[Date "2012.10.16"]
[Round "6.64"]
[White "Baeta, Marcio Netto"]
[Black "Espindola, Juan Carlos"]
[Result "1-0"]
[WhiteElo "2101"]
[BlackElo "1891"]
[EventDate "2012.10.12"]
[PlyCount "39"]

1.g3 e5 2.Nf3 d6 3.Bg2 f5 4.d3 Nf6 5.c4 g6 6.Nc3 Bg7 7.O-O O-O 8.b4 Qe8 9.
Rb1 Nh5 10.Nd5 Qd7 11.Bg5 Re8 12.c5 c6 13.Nc3 d5 14.d4 h6 15.Bc1 e4 16.Ne5
Qe6 17.f4 exf3 18.Bxf3 Bxe5 19.Bxh5 Bg7 20.Nxd5 1-0

[Event "21st Panam-ch"]
[Site "Mar del Plata ARG"]
[Date "2012.10.16"]
[Round "6.65"]
[White "Fonseca, Luis Ernesto Serra"]
[Black "Elias, Roberto"]
[Result "1-0"]
[WhiteElo "2096"]
[BlackElo "1885"]
[EventDate "2012.10.12"]
[PlyCount "58"]

1.e4 c5 2.Nf3 Nc6 3.c3 d5 4.Bd3 Bg4 5.O-O Nf6 6.Re1 e5 7.exd5 Qxd5 8.Bb5 
e4 9.c4 Qh5 10.Nc3 O-O-O 11.Bxc6 exf3 12.Bxf3 Bd6 13.Bxg4+ Nxg4 14.h3 Rhe8
15.Ne4 Bh2+ 16.Kf1 Rxe4 17.hxg4 Qxg4 18.Qxg4+ Rxg4 19.g3 Bxg3 20.fxg3 Rxg3
21.Re3 Rxe3 22.dxe3 g5 23.Ke2 h5 24.Bd2 h4 25.e4 Re8 26.Bxg5 Rxe4+ 27.Kd3 
Rg4 28.Be3 Rg3 29.Rf1 h3 1-0

[Event "21st Panam-ch"]
[Site "Mar del Plata ARG"]
[Date "2012.10.16"]
[Round "6.67"]
[White "Judewicz, Alejandro"]
[Black "Speranza, Mariano"]
[Result "0-1"]
[WhiteElo "2084"]
[BlackElo "1851"]
[EventDate "2012.10.12"]
[PlyCount "72"]

1.e4 e5 2.Nf3 d6 3.d4 Nf6 4.Nc3 Nbd7 5.dxe5 dxe5 6.Bc4 Be7 7.Ng5 O-O 8.
Bxf7+ Rxf7 9.Ne6 Qe8 10.Nxc7 Qf8 11.Nxa8 Nc5 12.Nc7 Nfxe4 13.Nxe4 Nxe4 14.
Be3 Nxf2 15.Bxf2 Rxf2 16.Qd5+ Kh8 17.Qc4 Bg5 18.Ne6 Bd2+ 19.Kd1 Bxe6 20.
Qxe6 Qd8 21.Qb3 Be3+ 22.Qd3 Rd2+ 23.Ke1 Rxd3 24.cxd3 Qa5+ 25.Ke2 Qd2+ 26.
Kf3 Qf2+ 27.Ke4 Qf4+ 28.Kd5 Qd4+ 29.Ke6 h6 30.Rad1 Qxb2 31.Rhf1 Bd4 32.g4 
Qxa2+ 33.Kf5 Qf7+ 34.Ke4 Qg6+ 35.Kf3 a5 36.h4 a4 0-1

[Event "21st Panam-ch"]
[Site "Mar del Plata ARG"]
[Date "2012.10.16"]
[Round "6.68"]
[White "Pirola, Marcos"]
[Black "Brizzi, Milagros Tatiana"]
[Result "1-0"]
[WhiteElo "2070"]
[BlackElo "1839"]
[EventDate "2012.10.12"]
[PlyCount "77"]

1.c4 e5 2.Nc3 d6 3.g3 g6 4.Bg2 Bg7 5.d3 h6 6.Nf3 Nc6 7.Rb1 Nge7 8.b4 f5 9.
Bd2 O-O 10.b5 Nb8 11.a4 Nd7 12.Qc1 Kh7 13.a5 Rb8 14.Be3 b6 15.axb6 axb6 
16.Ra1 f4 17.gxf4 exf4 18.Bd4 Ne5 19.Bxe5 dxe5 20.Ra7 Nf5 21.Nd5 Bb7 22.
Rg1 Nd6 23.Nd2 Qh4 24.Nxc7 Qxh2 25.Kf1 Bxg2+ 26.Rxg2 Qh1+ 27.Rg1 Qh3+ 28.
Ke1 Rf7 29.c5 bxc5 30.Qxc5 Nb7 31.Qc6 Nd8 32.Qxg6+ Kh8 33.b6 Qc8 34.Nc4 
Qd7 35.Nxe5 Qd4 36.Nxf7+ Nxf7 37.Qxf7 Qc3+ 38.Kd1 Rd8 39.Qxg7+ 1-0

[Event "21st Panam-ch"]
[Site "Mar del Plata ARG"]
[Date "2012.10.16"]
[Round "6.69"]
[White "Arias, Juan Cruz"]
[Black "Lo Presti, Roberto"]
[Result "1-0"]
[WhiteElo "1899"]
[BlackElo "2065"]
[EventDate "2012.10.12"]
[PlyCount "70"]

1.e4 e6 2.Nf3 d5 3.Nc3 Nf6 4.e5 Nfd7 5.d4 c5 6.dxc5 Nc6 7.Bf4 Bxc5 8.Bd3 
a6 9.Qe2 b5 10.a3 Be7 11.O-O O-O 12.Rad1 f5 13.exf6 Nxf6 14.Ne5 Nxe5 15.
Bxe5 Bd6 16.Rfe1 b4 17.axb4 Bxb4 18.h3 a5 19.Qe3 Qe7 20.Re2 Bd7 21.Nb5 
Rac8 22.Nd4 Bc5 23.Qf4 Qf7 24.Qh4 g6 25.g4 Rfe8 26.Rde1 Rf8 27.Qg3 Ne8 28.
Kg2 Ng7 29.c3 a4 30.Bd6 Bxd6 31.Qxd6 Rcd8 32.Qe5 Rfe8 33.Ra1 Rb8 34.Qg3 
Rb6 35.Nf3 Reb8 1-0